000 00395nam a2200145Ia 4500
008 090122s9999 xx 000 0 und d
082 _b9038
_a891.463
100 _aनांगरे
_bबलराम
245 _aदैवरेखा
600 _aनांगरे
630 _aदैवरेखा
700 _aनांगरे
730 _aदैवरेखा
942 _cBOOK
999 _c33115
_d33115